000 00628nam a22002297a 4500
003 BJBSDDR
005 20260225154248.0
007 ta
008 260225s2024 fr ||||| |||| 00| 0 fre d
020 _a9782810012015
020 _a 2810012016
040 _bspa
_cBJBSDDR
041 _afre
050 _bM647 2024
100 1 _aMiller, Chris
_930231
245 1 3 _aLa guerre des semi-conducteurs :
_bl'enjeu stratégique mondial /
_cChris Miller, Pierre Roncuzzi
260 _aParis :
_bL'Artilleur,
_c2024
300 _a586 pages ;
_c22 cm
700 1 _aRoncuzzi, Pierre
_947209
942 _2lcc
_n0
_cBK
946 _icmc
999 _c126460
_d126460